| 000 | 00707 a2200169 4500 | ||
|---|---|---|---|
| 003 | Nust | ||
| 005 | 20221221125700.0 | ||
| 040 | _cNust | ||
| 082 | _a320.973,BRA | ||
| 100 |
_aBradley,philips _9105556 |
||
| 245 |
_aDemocracy in America / _cPhilips Bradley |
||
| 260 |
_aNY _bVintage Books _c1956 |
||
| 300 | _ax,45: p.; | ||
| 505 | _aBook I Influence of Democracy on the action of intelligent in the United State (Page-3), Influence of Democracy on the Feeling of the American (Page-99), Influence of Democracy on Manners Properly so Called (Page-172), Influence of Democratic Ideas and Feeling of Political Society (Page-304). | ||
| 650 |
_aDemocracy in America _9105557 |
||
| 942 |
_2ddc _cBK _k320.973,BRA |
||
| 999 |
_c185079 _d185079 |
||